[Event "Canadian zt"]
[Site "Toronto"]
[Date "2024.03.30"]
[Round "5"]
[White "Kaufman, Raymond"]
[Black "Liu, Henry"]
[Result "1/2-1/2"]
[WhiteElo "2153"]
[BlackElo "1996"]
[PlyCount "78"]
[EventDate "2024.03.27"]
[EventType "team-swiss"]
[EventRounds "10"]
[EventCountry "CAN"]
[SourceTitle "CB15_2024"]
[SourceDate "2024.04.10"]
[SourceVersion "1"]
[SourceVersionDate "2024.04.10"]
[SourceQuality "1"]

1. e4 e6 2. d4 d5 3. Nd2 c5 4. Ngf3 cxd4 5. Nxd4 Nf6 6. exd5 Qxd5 7. Nb5 Na6 8. Nc3 Qe5+ 9. Be2 Bb4 10. 0-0 Bxc3 11. bxc3 0-0 12. Nc4 Qc7 13. Qd4 Nd5 14. Bd3 Nc5 15. Bg5 Nxd3 16. cxd3 b5 17. Na3 Qxc3 18. Nxb5 Qxd4 19. Nxd4 Ba6 20. Rfd1 Rfc8 21. Nb3 Rc2 22. d4 Nc3 23. Rd2 Rxd2 24. Bxd2 Ne2+ 25. Kh1 Bc4 26. Be3 Rb8 27. h3 Bxb3 28. axb3 Rxb3 29. Rxa7 h6 30. g4 Rd3 31. Ra4 Nc3 32. Ra3 Rd1+ 33. Kg2 Ne2 34. Ra4 Kh7 35. Kf3 Ng1+ 36. Kg2 Ne2 37. Kf3 Nc3 38. Ra7 Kg6 39. h4 Nd5 1/2-1/2

[Event "Carlos Torre Memorial op 33rd"]
[Site "Merida"]
[Date "2023.12.17"]
[Round "5"]
[White "Kaufman, Raymond"]
[Black "Albornoz Cabrera, Carlos Daniel"]
[Result "0-1"]
[WhiteElo "2153"]
[BlackElo "2599"]
[PlyCount "54"]
[EventDate "2023.12.15"]
[EventType "swiss"]
[EventRounds "9"]
[EventCountry "MEX"]
[SourceTitle "CB52_2023"]
[SourceDate "2023.12.27"]
[SourceVersion "1"]
[SourceVersionDate "2023.12.27"]
[SourceQuality "1"]

1. e4 c5 2. Nf3 d6 3. d4 cxd4 4. Nxd4 Nf6 5. Nc3 a6 6. Bg5 Nbd7 7. f4 Qa5 8. Qe2 e5 9. Nb3 Qc7 10. f5 b5 11. a3 Rb8 12. g4 h6 13. Bh4 Be7 14. g5 hxg5 15. Bxg5 Bb7 16. Rg1 Nb6 17. Na5 Na4 18. Nxa4 Qxa5+ 19. Nc3 b4 20. Na2 bxa3+ 21. b4 Qb6 22. Be3 Qc7 23. Rxg7 Bxe4 24. Qxa6 Nd5 25. Bg5 Bxg5 26. Rxg5 Nxb4 27. Nxb4 Qc3+ 0-1

[Event "Carlos Torre Memorial op 33rd"]
[Site "Merida"]
[Date "2023.12.15"]
[Round "2"]
[White "Vega Lezama, Maximo Fernando"]
[Black "Kaufman, Raymond"]
[Result "0-1"]
[WhiteElo "1845"]
[BlackElo "2153"]
[PlyCount "63"]
[EventDate "2023.12.15"]
[EventType "swiss"]
[EventRounds "9"]
[EventCountry "MEX"]
[SourceTitle "CB52_2023"]
[SourceDate "2023.12.27"]
[SourceVersion "1"]
[SourceVersionDate "2023.12.27"]
[SourceQuality "1"]

1. Nf3 c5 2. c4 Nc6 3. b3 e5 4. Nc3 g6 5. Bb2 Bg7 6. Qb1 Nge7 7. g3 d6 8. Bg2 0-0 9. 0-0 h6 10. d3 Be6 11. e3 f5 12. Ne2 d5 13. cxd5 Bxd5 14. Rd1 Qe8 15. Nc3 Be6 16. Nb5 Qd7 17. Na3 Rad8 18. Qc2 b6 19. Nc4 Qc7 20. Rac1 g5 21. Qb1 Qb8 22. Qa1 Rd5 23. Ne1 Rd7 24. Nf3 Bxc4 25. dxc4 Rfd8 26. Ne1 Rxd1 27. Rxd1 Rxd1 28. Qxd1 e4 29. Bxg7 Kxg7 30. g4 Qe5 31. gxf5 Nxf5 32. Nc2 0-1

[Event "Banff op"]
[Site "Banff"]
[Date "2023.11.11"]
[Round "3"]
[White "Kaufman, Raymond"]
[Black "Soberov, Emil"]
[Result "1/2-1/2"]
[WhiteElo "2146"]
[BlackElo "2266"]
[PlyCount "81"]
[EventDate "2023.11.10"]
[EventType "swiss"]
[EventRounds "6"]
[EventCountry "CAN"]
[SourceTitle "CB47_2023"]
[SourceDate "2023.11.22"]
[SourceVersion "1"]
[SourceVersionDate "2023.11.22"]
[SourceQuality "1"]

1. Nf3 d5 2. d4 Bf5 3. c4 dxc4 4. Nc3 Nf6 5. e3 c6 6. Bxc4 e6 7. 0-0 b5 8. Bd3 Bxd3 9. Qxd3 Nbd7 10. Rd1 Be7 11. e4 0-0 12. e5 Nd5 13. Nxd5 exd5 14. a4 a6 15. g3 Re8 16. h4 Nf8 17. Bg5 Ne6 18. Bxe7 Qxe7 19. axb5 axb5 20. Qc3 Qb7 21. b4 Rxa1 22. Rxa1 Ra8 23. Nd2 Ra4 24. Nb3 Qb6 25. Rc1 Ra3 26. Qb2 Ra4 27. Nc5 Nxc5 28. Rxc5 Qb7 29. Qc3 Ra6 30. Kg2 h6 31. Qc2 Qd7 32. h5 Qe6 33. Qc1 Kh7 34. Qc2+ Kg8 35. Rc3 Qg4 36. Rxc6 Rxc6 37. Qxc6 Qe4+ 38. Kh2 Qxd4 39. Qc8+ Kh7 40. Qf5+ Kg8 41. Qc8+ 1/2-1/2

[Event "Titled Tuesday intern op 19th Sep Late"]
[Site "Chess.com INT"]
[Date "2023.09.19"]
[Round "9"]
[White "Ai, Evan Zihao"]
[Black "Kaufman, Raymond"]
[Result "0-1"]
[WhiteElo "2199"]
[BlackElo "2168"]
[PlyCount "52"]
[EventDate "2023.09.19"]
[EventType "swiss (blitz)"]
[EventRounds "11"]
[EventCountry "USA"]
[SourceTitle "EXT 2024"]
[Source "ChessBase"]
[SourceDate "2023.10.10"]
[SourceVersion "1"]
[SourceVersionDate "2023.10.10"]
[SourceQuality "1"]

1. e4 c5 2. Nf3 e6 3. d4 cxd4 4. Nxd4 Nf6 5. Nc3 Nc6 6. Nxc6 bxc6 7. e5 Nd5 8. Ne4 Qc7 9. f4 Qb6 10. c4 Bb4+ 11. Ke2 f5 12. exf6 Nxf6 13. Be3 Qd8 14. Nd6+ Bxd6 15. Qxd6 Rf8 16. Rg1 c5 17. g4 Ne4 18. Qe5 Bb7 19. Bg2 Qb8 20. Qxg7 Qc7 21. Qxh7 0-0-0 22. Bxe4 Rh8 23. Bxb7+ Qxb7 24. Qd3 Rxh2+ 25. Bf2 Qxb2+ 26. Kd1 Qxa1+ 0-1

[Event "Titled Tuesday intern op 19th Sep Late"]
[Site "Chess.com INT"]
[Date "2023.09.19"]
[Round "5"]
[White "Reprintsev, Alexander"]
[Black "Kaufman, Raymond"]
[Result "1-0"]
[WhiteElo "2227"]
[BlackElo "2168"]
[PlyCount "63"]
[EventDate "2023.09.19"]
[EventType "swiss (blitz)"]
[EventRounds "11"]
[EventCountry "USA"]
[SourceTitle "EXT 2024"]
[Source "ChessBase"]
[SourceDate "2023.10.10"]
[SourceVersion "1"]
[SourceVersionDate "2023.10.10"]
[SourceQuality "1"]

1. e4 e5 2. Nf3 Nc6 3. Bc4 Bc5 4. b4 Bxb4 5. c3 Ba5 6. d4 d6 7. Qb3 Qd7 8. 0-0 Bb6 9. Nbd2 Nf6 10. Bb5 a6 11. Ba4 0-0 12. d5 Na5 13. Qc2 Qe7 14. Rb1 Ba7 15. c4 b5 16. cxb5 axb5 17. Bxb5 Rb8 18. Ba3 Nd7 19. Qc3 Nb7 20. Qxc7 Bb6 21. Qc1 Bc5 22. Bb2 Nd8 23. a4 f5 24. exf5 e4 25. Re1 e3 26. fxe3 Ne5 27. Nxe5 dxe5 28. Kh1 Bxf5 29. e4 Bg4 30. Nc4 Rf6 31. Bxe5 Rh6 32. Bxb8 1-0

[Event "Titled Tuesday intern op 13th Jun Late"]
[Site "Chess.com INT"]
[Date "2023.06.13"]
[Round "2"]
[White "Petesch, Gabriel N"]
[Black "Kaufman, Raymond"]
[Result "1-0"]
[WhiteElo "2330"]
[BlackElo "2206"]
[PlyCount "95"]
[EventDate "2023.06.13"]
[EventType "swiss (blitz)"]
[EventRounds "11"]
[EventCountry "USA"]
[SourceTitle "EXT 2024"]
[Source "ChessBase"]
[SourceDate "2023.10.10"]
[SourceVersion "1"]
[SourceVersionDate "2023.10.10"]
[SourceQuality "1"]

1. Nf3 d5 2. g3 Nc6 3. Bg2 e5 4. d4 e4 5. Ne5 Bd6 6. c4 Nxe5 7. dxe5 Bxe5 8. cxd5 Nf6 9. Bxe4 Nxe4 10. Qa4+ Qd7 11. Qxe4 Qf5 12. Nc3 Qxe4 13. Nxe4 Bf5 14. Nc3 0-0-0 15. Bd2 Rhe8 16. Rd1 f6 17. f3 Bc2 18. Rc1 Bxc3 19. Rxc2 Bd4 20. e4 Rxd5 21. Ke2 f5 22. Bf4 c5 23. Be3 fxe4 24. Bxd4 Rxd4 25. Rxc5+ Kd7 26. Rhc1 exf3+ 27. Kxf3 Rd3+ 28. Kg4 Re4+ 29. Kh3 g6 30. Rc7+ Kd6 31. Rxb7 Re2 32. Rcc7 Rdd2 33. Rd7+ Kc6 34. Rxd2 Rxd2 35. Rxh7 a5 36. Rh6 Rxb2 37. Rxg6+ Kb5 38. Rg5+ Kb4 39. Rg4+ Ka3 40. Rf4 a4 41. g4 Rxa2 42. g5 Rc2 43. g6 Rc6 44. g7 Rg6 45. Rg4 Rxg4 46. Kxg4 Kb2 47. g8Q a3 48. Qg7+ 1-0

[Event "Titled Tuesday intern op 13th Jun Late"]
[Site "Chess.com INT"]
[Date "2023.06.13"]
[Round "8"]
[White "Sanchez, Roberto Daniel"]
[Black "Kaufman, Raymond"]
[Result "1/2-1/2"]
[WhiteElo "1966"]
[BlackElo "2206"]
[PlyCount "67"]
[EventDate "2023.06.13"]
[EventType "swiss (blitz)"]
[EventRounds "11"]
[EventCountry "USA"]
[SourceTitle "EXT 2024"]
[Source "ChessBase"]
[SourceDate "2023.10.10"]
[SourceVersion "1"]
[SourceVersionDate "2023.10.10"]
[SourceQuality "1"]

1. e4 e6 2. d4 d5 3. Nc3 Bb4 4. e5 c5 5. Bd2 Ne7 6. Nf3 Nbc6 7. dxc5 Ng6 8. Qe2 0-0 9. 0-0-0 f6 10. exf6 Qxf6 11. Kb1 Nf4 12. Qe1 Bxc5 13. Bb5 Nxg2 14. Qf1 Qxf3 15. Rg1 Nh4 16. Bh6 Ng6 17. Bd3 Qxf2 18. Qh3 e5 19. Qh5 Qf3 20. Bxg6 hxg6 21. Qxg6 Qf6 22. Qxg7+ Qxg7 23. Rxg7+ Kh8 24. Nxd5 Bf5 25. Rxb7 Nd4 26. Bg7+ Kg8 27. Rg1 Bxc2+ 28. Ka1 Ne2 29. Bf6+ Bxg1 30. Rg7+ Kh8 31. Rf7+ Kg8 32. Rg7+ Kh8 33. Rf7+ Kg8 34. Rg7+ 1/2-1/2

[Event "American Continental 17th"]
[Site "Juan Dolio"]
[Date "2023.05.19"]
[Round "6"]
[White "Escalante Ramirez, Brian Sebastian"]
[Black "Kaufman, Raymond"]
[Result "1-0"]
[WhiteElo "2489"]
[BlackElo "2158"]
[PlyCount "70"]
[EventDate "2023.05.15"]
[EventType "swiss"]
[EventRounds "11"]
[EventCountry "DOM"]
[SourceTitle "CBM 214 Extra"]
[Source "ChessBase"]
[SourceDate "2023.07.31"]
[SourceVersion "1"]
[SourceVersionDate "2023.07.31"]
[SourceQuality "1"]

1. e4 e6 2. b3 d5 3. Bb2 Nf6 4. e5 Nfd7 5. d4 c5 6. c3 Be7 7. Bd3 Nc6 8. Nd2 0-0 9. Ne2 b6 10. 0-0 cxd4 11. cxd4 Nb4 12. Bb1 Ba6 13. Nf3 Rc8 14. a3 Nc6 15. Re1 Kh8 16. h3 Rg8 17. Ng3 g5 18. Nh2 Nf8 19. Ng4 Ng6 20. Nh6 Rf8 21. Nh5 Rc7 22. g3 f5 23. exf6 Bxf6 24. Rxe6 Bc8 25. Rxf6 Rxf6 26. Nxf6 Qxf6 27. Ng4 Bxg4 28. hxg4 Rf7 29. Qd2 Na5 30. Bc2 Qf3 31. Bd1 Qe4 32. Rc1 Kg7 33. Rc3 Qb1 34. f3 h6 35. Rc1 Nxb3 1-0

[Event "American Continental 17th"]
[Site "Juan Dolio"]
[Date "2023.05.16"]
[Round "3"]
[White "Kaufman, Raymond"]
[Black "Escobar Forero, Alder"]
[Result "0-1"]
[WhiteElo "2158"]
[BlackElo "2443"]
[PlyCount "40"]
[EventDate "2023.05.15"]
[EventType "swiss"]
[EventRounds "11"]
[EventCountry "DOM"]
[SourceTitle "CBM 214 Extra"]
[Source "ChessBase"]
[SourceDate "2023.07.31"]
[SourceVersion "1"]
[SourceVersionDate "2023.07.31"]
[SourceQuality "1"]

1. d4 d5 2. Bf4 Nf6 3. e3 e6 4. Nd2 Bd6 5. Ngf3 0-0 6. Ne5 c5 7. dxc5 Bxc5 8. Bd3 Nc6 9. 0-0 Bd6 10. Nxc6 bxc6 11. Bg5 e5 12. e4 h6 13. Bh4 Rb8 14. exd5 cxd5 15. c4 e4 16. Bc2 Rxb2 17. cxd5 Rb4 18. Re1 e3 19. Nf3 Rxh4 20. Nxh4 exf2+ 0-1

[Event "Victoria Grand Pacific op"]
[Site "Victoria"]
[Date "2023.04.10"]
[Round "6"]
[White "Taylor, Tristan"]
[Black "Kaufman, Raymond"]
[Result "0-1"]
[WhiteElo "1943"]
[BlackElo "2158"]
[PlyCount "74"]
[EventDate "2023.04.07"]
[EventType "swiss"]
[EventRounds "6"]
[EventCountry "CAN"]
[SourceTitle "CBM 213 Extra"]
[Source "ChessBase"]
[SourceDate "2023.05.31"]
[SourceVersion "1"]
[SourceVersionDate "2023.05.31"]
[SourceQuality "1"]

1. e4 c5 2. Nf3 Nf6 3. e5 Nd5 4. Nc3 Nxc3 5. dxc3 Nc6 6. Bf4 e6 7. Qd2 Be7 8. 0-0-0 b6 9. g4 Bb7 10. Qe3 Qc7 11. Rg1 0-0-0 12. Ng5 Bxg5 13. Bxg5 Qxe5 14. Qxe5 Nxe5 15. Bxd8 Rxd8 16. f4 Ng6 17. f5 Nf4 18. Re1 g5 19. Bd3 Rh8 20. Rgf1 h5 21. fxe6 dxe6 22. h4 Nxd3+ 23. cxd3 gxh4 24. gxh5 h3 25. Rxf7 h2 26. Rxb7 Kxb7 27. Rh1 Rxh5 28. Kd2 Kc6 29. Ke2 Rh3 30. a4 a5 31. Ke1 Kd5 32. Kf1 e5 33. Ke2 c4 34. dxc4+ Kxc4 35. Kd2 Kb3 36. Kc1 e4 37. Kb1 Rg3 0-1

[Event "Victoria Grand Pacific op"]
[Site "Victoria"]
[Date "2023.04.09"]
[Round "4"]
[White "Doknjas, Neil"]
[Black "Kaufman, Raymond"]
[Result "1/2-1/2"]
[WhiteElo "2026"]
[BlackElo "2158"]
[PlyCount "110"]
[EventDate "2023.04.07"]
[EventType "swiss"]
[EventRounds "6"]
[EventCountry "CAN"]
[SourceTitle "CBM 213 Extra"]
[Source "ChessBase"]
[SourceDate "2023.05.31"]
[SourceVersion "1"]
[SourceVersionDate "2023.05.31"]
[SourceQuality "1"]

1. e4 g6 2. d4 Bg7 3. Nc3 c6 4. Nf3 d5 5. exd5 cxd5 6. Bb5+ Nc6 7. 0-0 Bg4 8. h3 Bxf3 9. Qxf3 a6 10. Bxc6+ bxc6 11. Ne2 Nf6 12. c3 0-0 13. Nf4 Nd7 14. Nd3 e5 15. dxe5 Nxe5 16. Nxe5 Bxe5 17. Bf4 Bxf4 18. Qxf4 Qb6 19. b3 Rfe8 20. Rfe1 Qa5 21. Qf6 c5 22. Red1 Rad8 23. b4 cxb4 24. cxb4 Qxb4 25. Qxa6 d4 26. Rab1 Qc3 27. Rbc1 Qb2 28. Rb1 Qc2 29. Rbc1 Qf5 30. Rd2 d3 31. Rcd1 Rd5 32. Qc4 Re4 33. Qb3 h5 34. Qb8+ Kh7 35. Qg3 h4 36. Qf3 Qxf3 37. gxf3 Red4 38. a4 Kh6 39. a5 Rxa5 40. Rxd3 Rf4 41. Rd4 Rxf3 42. Rxh4+ Kg5 43. Rg4+ Kh5 44. Kg2 Raf5 45. Rd2 Ra3 46. Rg3 Ra1 47. Rdd3 Rfa5 48. Rd7 Rf5 49. Rdd3 Ra2 50. Rdf3 Rxf3 51. Rxf3 f5 52. Rf4 Kg5 53. Rb4 Ra3 54. Rb5 Kh5 55. Rc5 Rb3 1/2-1/2

[Event "Reykjavik op"]
[Site "Reykjavik"]
[Date "2023.04.04"]
[Round "9"]
[White "Kristinsson, Ogmundur"]
[Black "Kaufman, Raymond"]
[Result "0-1"]
[WhiteElo "1937"]
[BlackElo "2143"]
[PlyCount "84"]
[EventDate "2023.03.29"]
[EventType "swiss"]
[EventRounds "9"]
[EventCountry "ISL"]
[SourceTitle "EXT 2024"]
[Source "ChessBase"]
[SourceDate "2023.10.10"]
[SourceVersion "1"]
[SourceVersionDate "2023.10.10"]
[SourceQuality "1"]

1. c4 Nf6 2. Nc3 g6 3. Nf3 Bg7 4. g3 0-0 5. Bg2 e6 6. 0-0 d5 7. d4 Nbd7 8. b3 Ne4 9. Bb2 Nxc3 10. Bxc3 dxc4 11. bxc4 c5 12. e3 Qc7 13. Qb3 cxd4 14. exd4 b6 15. Rac1 Bb7 16. Rfd1 Rac8 17. Nd2 Bxg2 18. Kxg2 Qb7+ 19. f3 Nf6 20. Nf1 Rfd8 21. Be1 h5 22. h3 Rd7 23. Bf2 Rdc7 24. c5 h4 25. g4 Nd5 26. Rb1 Nf4+ 27. Kh2 g5 28. Qe3 Qd5 29. Bxh4 bxc5 30. dxc5 Qxa2+ 31. Qf2 Qxf2+ 32. Bxf2 Be5 33. Bd4 Bxd4 34. Rxd4 Rxc5 35. Ne3 Rc3 36. Re1 Ra3 37. h4 Ra2+ 38. Kh1 Ne2 39. Rc4 Ng3+ 40. Kg1 Rxc4 41. Nxc4 gxh4 42. Ne3 h3 0-1

[Event "Reykjavik op"]
[Site "Reykjavik"]
[Date "2023.03.29"]
[Round "1"]
[White "Kaufman, Raymond"]
[Black "Hjartarson, Johann"]
[Result "1/2-1/2"]
[WhiteElo "2143"]
[BlackElo "2478"]
[PlyCount "85"]
[EventDate "2023.03.29"]
[EventType "swiss"]
[EventRounds "9"]
[EventCountry "ISL"]
[SourceTitle "CBM 213 Extra"]
[Source "ChessBase"]
[SourceDate "2023.05.31"]
[SourceVersion "1"]
[SourceVersionDate "2023.05.31"]
[SourceQuality "1"]

1. e4 g6 2. d4 Bg7 3. Nf3 d6 4. Bc4 a6 5. 0-0 b5 6. Bb3 e6 7. a4 b4 8. a5 Nd7 9. Qe2 Ne7 10. Rd1 0-0 11. Nbd2 h6 12. Nf1 Bb7 13. Ng3 c5 14. Bf4 d5 15. Bd6 c4 16. Ba4 dxe4 17. Ne5 Nf6 18. Nxc4 Rc8 19. Bxb4 Nfd5 20. Bc5 Nf4 21. Qf1 Nf5 22. Nxf5 gxf5 23. Nd6 Rb8 24. Nxb7 Rxb7 25. g3 Qg5 26. Kh1 Nd5 27. Bxf8 Bxf8 28. Bb3 Nf6 29. Qxa6 Ng4 30. Qf1 e3 31. fxe3 Qxe3 32. Re1 Qxd4 33. Qf3 Rd7 34. a6 Bc5 35. c3 Qf2 36. Qxf2 Nxf2+ 37. Kg2 Rd2 38. Kf1 Ng4 39. Re2 Nxh2+ 40. Ke1 Nf3+ 41. Kf1 Nh2+ 42. Ke1 Nf3+ 43. Kf1 1/2-1/2

[Event "Titled Tuesday intern op 21st Mar Early"]
[Site "Chess.com INT"]
[Date "2023.03.21"]
[Round "6"]
[White "Kaufman, Raymond"]
[Black "Harsha, Bharathakoti"]
[Result "1-0"]
[WhiteElo "2143"]
[BlackElo "2608"]
[PlyCount "75"]
[EventDate "2023.03.21"]
[EventType "swiss (blitz)"]
[EventRounds "11"]
[EventCountry "USA"]
[SourceTitle "EXT 2024"]
[Source "ChessBase"]
[SourceDate "2023.10.10"]
[SourceVersion "1"]
[SourceVersionDate "2023.10.10"]
[SourceQuality "1"]

1. c4 g6 2. g3 Bg7 3. Bg2 d6 4. Nc3 Nf6 5. e4 0-0 6. Nge2 c5 7. d4 cxd4 8. Nxd4 Nc6 9. Nxc6 bxc6 10. e5 Ng4 11. exd6 exd6 12. 0-0 Ne5 13. Qa4 Qc7 14. Be3 Bb7 15. Rfd1 a6 16. Rac1 Rfd8 17. h3 a5 18. Qb3 Rdb8 19. Bb6 Qe7 20. Re1 Qf8 21. Bc7 Nd3 22. Bxb8 Rxb8 23. Qc2 Nxc1 24. Qxc1 Re8 25. Ne4 f5 26. Ng5 Bf6 27. h4 Re7 28. Rxe7 Qxe7 29. Qd2 a4 30. Qb4 h6 31. Ne6 Bc8 32. Nf4 g5 33. Qb8 Qb7 34. Qxd6 Qe7 35. Qxc6 gxf4 36. Qxc8+ Kg7 37. Bd5 fxg3 38. Qg8# 1-0

[Event "Titled Tuesday intern op 21st Mar Early"]
[Site "Chess.com INT"]
[Date "2023.03.21"]
[Round "10"]
[White "Kaufman, Raymond"]
[Black "Janaszak, Dawid"]
[Result "1-0"]
[WhiteElo "2143"]
[BlackElo "2322"]
[PlyCount "101"]
[EventDate "2023.03.21"]
[EventType "swiss (blitz)"]
[EventRounds "11"]
[EventCountry "USA"]
[SourceTitle "EXT 2024"]
[Source "ChessBase"]
[SourceDate "2023.10.10"]
[SourceVersion "1"]
[SourceVersionDate "2023.10.10"]
[SourceQuality "1"]

1. c4 e6 2. g3 d5 3. Bg2 Nf6 4. Nf3 Be7 5. 0-0 0-0 6. b3 a5 7. Bb2 c6 8. e3 b5 9. cxb5 cxb5 10. Nc3 Ba6 11. d3 Nbd7 12. Re1 Nc5 13. d4 Nce4 14. Nxe4 Nxe4 15. Ne5 Bd6 16. Nc6 Qb6 17. Rc1 Rfc8 18. Ne5 b4 19. Bxe4 dxe4 20. Nc4 Qd8 21. d5 Bxc4 22. bxc4 exd5 23. Qxd5 Qe7 24. Qd4 f6 25. Red1 Bc5 26. Qd5+ Kh8 27. Qf5 Rd8 28. Rd5 Rxd5 29. cxd5 Bd6 30. Rc8+ Rxc8 31. Qxc8+ Qf8 32. Qe6 h6 33. Qxe4 a4 34. Qc4 Qb8 35. e4 b3 36. axb3 Qxb3 37. Qxb3 axb3 38. Kf1 Be5 39. d6 Bxd6 40. Ke2 Be5 41. Bxe5 fxe5 42. Kd3 b2 43. Kc2 Kh7 44. Kxb2 Kg6 45. f3 Kg5 46. Kc3 h5 47. h4+ Kf6 48. Kc4 g5 49. Kd5 g4 50. fxg4 hxg4 51. Kd6 1-0

[Event "Titled Tuesday intern op 21st Mar Early"]
[Site "Chess.com INT"]
[Date "2023.03.21"]
[Round "3"]
[White "Kaufman, Raymond"]
[Black "Volkov, Sergey"]
[Result "1-0"]
[WhiteElo "2143"]
[BlackElo "2453"]
[PlyCount "139"]
[EventDate "2023.03.21"]
[EventType "swiss (blitz)"]
[EventRounds "11"]
[EventCountry "USA"]
[SourceTitle "EXT 2024"]
[Source "ChessBase"]
[SourceDate "2023.10.10"]
[SourceVersion "1"]
[SourceVersionDate "2023.10.10"]
[SourceQuality "1"]

1. c4 c6 2. g3 d5 3. Bg2 dxc4 4. Qc2 e5 5. Nf3 Nd7 6. Qxc4 Bd6 7. Nc3 Ngf6 8. d3 0-0 9. Ng5 a5 10. 0-0 Nc5 11. Be3 Qe7 12. Bxc5 Bxc5 13. Nce4 Bd4 14. Nxf6+ Qxf6 15. Ne4 Qe7 16. Rab1 Be6 17. Qa4 b5 18. Qc2 Bxa2 19. Rbc1 Bd5 20. e3 Bb6 21. Nc3 Bxg2 22. Kxg2 a4 23. Ne4 Rfc8 24. Rfd1 h6 25. h4 c5 26. Qe2 Qb7 27. Qf3 Kh8 28. Nd6 Qxf3+ 29. Kxf3 Rcb8 30. Nxf7+ Kg8 31. Nxe5 Rb7 32. d4 cxd4 33. exd4 b4 34. d5 Rf8+ 35. Ke4 Bxf2 36. d6 Bxg3 37. d7 Bxh4 38. Ng6 Rd8 39. Nxh4 Rbxd7 40. Rxd7 Rxd7 41. Ra1 Ra7 42. Nf5 Kh7 43. Nd4 Ra6 44. Nc2 b3 45. Na3 Rg6 46. Rd1 Rg2 47. Rd4 Rxb2 48. Rxa4 Ra2 49. Kd3 g5 50. Kc3 b2 51. Kc2 h5 52. Kb1 Ra1+ 53. Kxb2 Rg1 54. Ra7+ Kg6 55. Nc4 h4 56. Ra8 h3 57. Rh8 g4 58. Kc2 Rg2+ 59. Kd3 Kg5 60. Ne3 Rg1 61. Ke4 Re1 62. Rg8+ Kh4 63. Rxg4+ Kh5 64. Rg3 Kh4 65. Rg4+ Kh5 66. Rg3 Kh4 67. Rg8 h2 68. Rh8+ Kg3 69. Rg8+ Kf2 70. Rg2# 1-0

[Event "Titled Tuesday intern op 21st Mar Early"]
[Site "Chess.com INT"]
[Date "2023.03.21"]
[Round "8"]
[White "Pakleza, Zbigniew"]
[Black "Kaufman, Raymond"]
[Result "1-0"]
[WhiteElo "2492"]
[BlackElo "2143"]
[PlyCount "97"]
[EventDate "2023.03.21"]
[EventType "swiss (blitz)"]
[EventRounds "11"]
[EventCountry "USA"]
[SourceTitle "EXT 2024"]
[Source "ChessBase"]
[SourceDate "2023.10.10"]
[SourceVersion "1"]
[SourceVersionDate "2023.10.10"]
[SourceQuality "1"]

1. d4 Nf6 2. Nf3 g6 3. Bf4 Bg7 4. e3 d6 5. h3 0-0 6. Be2 c5 7. c3 Qb6 8. Qb3 Nc6 9. Nbd2 Be6 10. Qxb6 axb6 11. a3 Bd5 12. 0-0 Ne4 13. Nxe4 Bxe4 14. Bg3 Rfc8 15. Rfd1 cxd4 16. exd4 Na5 17. Nd2 Bc2 18. Re1 Bh6 19. f4 e5 20. dxe5 dxe5 21. Rf1 Rd8 22. Nc4 Nxc4 23. Bxc4 exf4 24. Bxf4 Bxf4 25. Rxf4 Rd7 26. Raf1 Rf8 27. Rf6 Kg7 28. Rxb6 Be4 29. Be2 f5 30. Bf3 Bxf3 31. Rxf3 Rff7 32. Rf4 g5 33. Rf2 h6 34. a4 f4 35. a5 Rfe7 36. Kh2 Re1 37. g3 fxg3+ 38. Kxg3 Rd3+ 39. Kg2 Ree3 40. Rxb7+ Kg6 41. a6 Rg3+ 42. Kf1 Rd1+ 43. Ke2 Rgd3 44. a7 R3d2+ 45. Ke3 Rd3+ 46. Ke4 Rd8 47. Rb8 Re1+ 48. Kf3 Rd3+ 49. Kg2 1-0

[Event "Titled Tuesday intern op 21st Mar Early"]
[Site "Chess.com INT"]
[Date "2023.03.21"]
[Round "5"]
[White "Ter Sahakyan, Samvel"]
[Black "Kaufman, Raymond"]
[Result "1-0"]
[WhiteElo "2616"]
[BlackElo "2143"]
[PlyCount "97"]
[EventDate "2023.03.21"]
[EventType "swiss (blitz)"]
[EventRounds "11"]
[EventCountry "USA"]
[SourceTitle "EXT 2024"]
[Source "ChessBase"]
[SourceDate "2023.10.10"]
[SourceVersion "1"]
[SourceVersionDate "2023.10.10"]
[SourceQuality "1"]

1. d4 Nf6 2. c4 e6 3. Nf3 d5 4. Nc3 Bb4 5. Qa4+ Nc6 6. Bd2 Bd7 7. Qb3 dxc4 8. Qxc4 0-0 9. g3 h6 10. Bg2 Bd6 11. 0-0 e5 12. dxe5 Nxe5 13. Nxe5 Bxe5 14. Bf4 Be6 15. Qb4 Bxf4 16. gxf4 a5 17. Qxb7 Rb8 18. Qa7 Rxb2 19. Rfd1 Qb8 20. Qxa5 c5 21. e3 Qb4 22. Qxb4 cxb4 23. Nd5 Nxd5 24. Bxd5 Bxd5 25. Rxd5 Ra8 26. Rd4 b3 27. a4 Rc2 28. Rb4 b2 29. Rf1 Ra6 30. Kg2 Rd2 31. Kf3 Rc2 32. h4 Rc1 33. Kg2 Rxf1 34. Kxf1 Rxa4 35. Rxb2 Ra5 36. Kg2 h5 37. Kf3 g6 38. Rb6 Ra3 39. f5 gxf5 40. Rb5 Ra4 41. Kg3 Rg4+ 42. Kh3 Re4 43. Rxf5 Kg7 44. Rxh5 Kg6 45. Rg5+ Kf6 46. Kg3 Ra4 47. Rg4 Ra1 48. Kg2 Ra2 49. Rg3 1-0

[Event "Titled Tuesday intern op 28th Feb Late"]
[Site "Chess.com INT"]
[Date "2023.02.28"]
[Round "10"]
[White "Kaufman, Raymond"]
[Black "Chemin, Justo Reinaldo"]
[Result "1/2-1/2"]
[WhiteElo "2143"]
[BlackElo "2040"]
[PlyCount "113"]
[EventDate "2023.02.28"]
[EventType "swiss (blitz)"]
[EventRounds "11"]
[EventCountry "USA"]
[SourceTitle "CBM 213 Extra"]
[Source "ChessBase"]
[SourceDate "2023.05.31"]
[SourceVersion "1"]
[SourceVersionDate "2023.05.31"]
[SourceQuality "1"]

1. c4 e6 2. g3 d5 3. Bg2 Nf6 4. Nf3 c6 5. 0-0 dxc4 6. Qc2 b5 7. a4 Bb7 8. Rd1 a6 9. d3 cxd3 10. Rxd3 Nbd7 11. Ne5 Nd5 12. axb5 cxb5 13. Nxd7 Nb4 14. Bxb7 Nxc2 15. Nxf8 Kxf8 16. Rxd8+ Rxd8 17. Rxa6 Rd1+ 18. Kg2 Rxc1 19. Ra8+ Ke7 20. Rxh8 Rxb1 21. Be4 Rxb2 22. Rxh7 Ne1+ 23. Kf1 Nc2 24. Bxc2 Rxc2 25. Rxg7 b4 26. Rg4 b3 27. Rb4 b2 28. Kg2 Rxe2 29. h4 f5 30. h5 Kf6 31. Kf3 Rc2 32. Rb6 Kg5 33. h6 Kxh6 34. Rxe6+ Kg7 35. Rb6 Kf7 36. Kg2 Ke7 37. Kf3 Kd7 38. Kg2 Kc7 39. Rb3 Kc6 40. Rb8 Kc5 41. Rc8+ Kd4 42. Rxc2 b1Q 43. Re2 Qb7+ 44. Kg1 Qf3 45. Re3 Qd1+ 46. Kg2 Qg4 47. Kh2 Qh5+ 48. Kg2 Qg5 49. Kh2 f4 50. gxf4 Qxf4+ 51. Kg2 Qg5+ 52. Kf1 Qb5+ 53. Kg2 Qd5+ 54. Kg1 Qg5+ 55. Kf1 Qh5 56. Kg2 Qg5+ 57. Kf1 1/2-1/2